La Paléogéographie : essai sur l'évolution des continents et des océans (Record no. 35307)

MARC details
000 -LEADER
fixed length control field 00648 a2200241 4500
037 ## - SOURCE OF ACQUISITION
Stock number 14646
100 ## - VEDETTE PRINCIPALE - NOM DE PERSONNE
Personal name Furon, Raymond
100 ## - VEDETTE PRINCIPALE - NOM DE PERSONNE
Language of a work Fr
260 ## - PUBLICATION, DISTRIBUTION, ETC. (IMPRINT)
Place of publication, distribution, etc Paris
260 ## - PUBLICATION, DISTRIBUTION, ETC. (IMPRINT)
Name of publisher, distributor, etc Payot
245 ## - TITLE STATEMENT
Title La Paléogéographie : essai sur l'évolution des continents et des océans
260 ## - PUBLICATION, DISTRIBUTION, ETC. (IMPRINT)
Date of publication, distribution, etc 1959
250 ## - EDITION STATEMENT
Edition statement 2è éd. ref.
300 ## - PHYSICAL DESCRIPTION
Extent 401 p.
300 ## - PHYSICAL DESCRIPTION
Other physical details 23 cm
630 ## - SUBJECT ADDED ENTRY--UNIFORM TITLE
Uniform title 91 - Geographie. Exploration de la terre, des diverses regions, des divers pays. Voyages. Geographie regionale
650 ## - SUBJECT ADDED ENTRY--TOPICAL TERM
Topical term or geographic name as entry element 9 - GEOGRAPHIE ET HISTOIRE
650 ## - SUBJECT ADDED ENTRY--TOPICAL TERM
Topical term or geographic name as entry element Paléogéographie
650 ## - SUBJECT ADDED ENTRY--TOPICAL TERM
Topical term or geographic name as entry element Continent
650 ## - SUBJECT ADDED ENTRY--TOPICAL TERM
Topical term or geographic name as entry element Océan
Holdings
Withdrawn status Lost status Damaged status Not for loan Location (home branch) Sublocation or collection (holding branch) Date acquired Koha issues (times borrowed) Koha full call number Koha date last seen Price effective from Koha item type
        Bibliothèque Universitaire Centrale Bibliothèque Universitaire Centrale 28/02/2009   911.2/551.7 FUR 28/02/2009 28/02/2009 Livre


© 2008, Bibliothèques de l'Université d'Abomey-Calavi

04 BP 789 Cotonou, Tél. : +229 21 36 01 01, Fax : +229 21 35 06 32

Courriel : bu@bu.uac.bj